Unwavering ecumenist: A Gedenkschrift in memory of Dr. Mathai Zachariah (Record no. 20455)

MARC details
000 -LEADER
fixed length control field 00331nam a22001337a 4500
020 ## - INTERNATIONAL STANDARD BOOK NUMBER
ISBN 978-81-8465-463-9
082 ## - DEWEY DECIMAL CLASSIFICATION NUMBER
Classification number 270.82 DIP
100 ## - MAIN ENTRY--AUTHOR NAME
Author name Dip, Kasta
245 ## - TITLE STATEMENT
Title Unwavering ecumenist: A Gedenkschrift in memory of Dr. Mathai Zachariah
260 ## - PUBLICATION, DISTRIBUTION, ETC. (IMPRINT)
Place of publication Delhi
Name of publisher ISPCK
Year of publication 2014
300 ## - PHYSICAL DESCRIPTION
Number of Pages 122
650 ## - SUBJECT ADDED ENTRY--TOPICAL TERM
Topical Term Ecumenism
942 ## - ADDED ENTRY ELEMENTS (KOHA)
Koha item type Books
Holdings
Home library Current library Shelving location Date acquired Full call number Accession Number Koha item type
Henry Martyn Institute Library Henry Martyn Institute Library General stacks 06/07/2017 270.82 DIP 11003495 Books
                   Copyright © 2026 | Henry Martyn Institute | Hyderabad | TS-500052 | INDIA | Implemented by hmi.edu.in
Hit-Count:

Powered by Koha